000 01161cam a2200301 4500
999 _c102339
_d102339
008 #DATE n2002 000 0 eng u
020 _a0471390917
035 _a(Sirsi) u119608
041 _aeng
050 _a346.410432
100 _aRobillard, Walter G.
245 _aEvidence and procedures for boundary location
250 _a4th ed.
260 _aNew York
_bWiley
_c2002
300 _aix, 613p.
_bill.
_c25cm.
350 _a71.50
520 _aThis classic American text on boundary laws and evidence has been revised to cover current laws, legal procedures and practices, courtroom responsibilities, use of GPS and GIS data, and waterway boundaries. Includes an indepth examination of professional liability, how to report evidence and use it in court, court conduct, both as a defendant and as an expert witness and the origins of boundary evidence.
650 _aBOUNDARY LAW
650 _aBoundary disputes
_96221
650 _aBOUNDARY SURVEYS
650 _aUNITED STATES
650 _aLAND SURVEYING
650 _aWATERWAYS
690 _aLAW
700 _aWilson, Donald A.
700 _aBrown, Curtis M.
942 _n0
_2ddc